000 00531nam a2200229Ia 4500
003 IT-RoPAU
008 120407s9999 xx 000 0 und d
040 _aIT-RoPAU
040 _cIT-RoPAU
041 _aita
100 _aWerner Heisenberg
245 _a"Fisica e filosofia. La rivoluzione nella scienza moderna 2a ed."
250 _aMilano
260 _aIl Saggiatore
260 _c1974
300 _a237 p.
300 _c18 cm
490 _aI Gabbiani / nuova sere
490 _v45
942 _cBK
999 _c29848
_d29848